00711nam a22002297a 4500001001000000003000500010005001700015008004100032010001000073011001000083035001000093040000900103100002300112245006900135260009100204300002100295490004900316650001300365700002200378700003200400830004900432000054747CHAP20220329140538.0971013s1970 r 00010 d a53684 a54656 a58807 cCHAP00aRuiz Durá, M. F.10aLíneas de crecimiento en escamas de algunos peces de México. aMéxico, D. F. :bInstituto Nacional de Investigaciones Biológico Pesqueras,c1970. a97 p. :b: ilus. aSerie investigación pesquera. Estudiov; 214aEscamas.0 aOrijel Arenas, A.0 aRodríguez Hernández, G.0 aSerie investigación pesquera. Estudiov; 2